Problematika VZN v resortu průmyslu ČSR

Salvato in:
Dettagli Bibliografici
Autore principale: Měšťánek, Bohumil
Natura: Libro
Lingua:ceco
Pubblicazione: Praha Institut pro výchovu vedoucích pracovníků MP ČSR 1986
Edizione:1. vyd.
Tags: Aggiungi Tag
Nessun Tag, puoi essere il primo ad aggiungerne!!

MARC

LEADER 00000nam a2200000 4500
001 c037795
005 20250716114237.4
041 0 |a cze 
044 |a CZ 
245 1 0 |a Problematika VZN v resortu průmyslu ČSR  |c Bohumil Měšťánek a kol. 
250 |a 1. vyd. 
264 1 |a Praha  |b Institut pro výchovu vedoucích pracovníků MP ČSR  |c 1986 
300 |a 180 s. 
100 1 |a Měšťánek, Bohumil